000
00317nam a22001337a 4500
008
181122b xxu||||| |||| 00| 0 eng d
020
_a
9781593851972
041
_a
eng
080
_a
610
100
_a
4
101
_a
SHM
245
_a
Improving Outocomes And Prevening Realapse
_c
Antony.M.M
942
_2
udc
_c
BK
999
_c
52416
_d
52416